000
00247 a2200097 4500
001
40812
100
_a
Lexicon Pubs
245
_a
Lexicon Universal Encyclopedia (Vol-11)
260
_a
New York
_b
Lexicon Publications Inc.
_c
090
_c
25074
_d
25074
942
_a
NUST-CAE
_c
M
_c
16752
999
_c
275885
_d
275885